00766nam a2200181 a 450000100100000000500170001000800410002704000250006808200160009310000230010924000560013224500990018826000430028730000210033070000370035195201790038899900170056700004459320201002045503.0140721s1973 mx r 000 0 spa d aDO-SdBNPbspacBNPHU axxxxbA237a1 aAdler, Ruth97262410aA day in the life of The New York Times.lEspañol13aUn día en la vida del The New York Times /cRuth Adler ; traducción de Francisco J. Perea. aMéxico :bEditores Asociados,c1973. a370 p. ;c20 cm.12aPerea, Francisco J.,etr.941991 001050718MOaGRbGRcHDd2014-07-21iLF1l0oxxxx A237ap44593-10r2020-06-25w2020-06-25y1zPerteneció a la biblioteca personal de Germán Emilio Ornes.ZNo se presta c44082d44082